Diccionari castellà-català ; presentació d'Antoni Dalmau... ; pròleg de Manuel Seco...
ISBN:
84-85194-68-3
Descripción Física:
1341 p. ; 22 cm
Colección:
Diccionaris d'Enciclopèdia Catalana
MARC
| LEADER | 00000nam a2200000Ia 4500 | ||
|---|---|---|---|
| 001 | 17025 | ||
| 008 | 160829s1985 xx 000 0 cat d | ||
| 020 | |a 84-85194-68-3 | ||
| 080 | |a L-2-60 | ||
| 245 | |a Diccionari castellà-català ; presentació d'Antoni Dalmau... ; pròleg de Manuel Seco... | ||
| 260 | |a Barcelona : |b Enciclopèdia Catalana, |c 1985 | ||
| 300 | |a 1341 p. ; |c 22 cm | ||
| 490 | |a Diccionaris d'Enciclopèdia Catalana | ||
| 650 | |a Castellà |x Diccionaris |x Català |9 25989 | ||
| 650 | |a Català |x Diccionaris |x Castellà |9 30116 | ||
| 700 | |a Dalmau i Ribalta, Antoni, |d 1951-2022 |9 25991 | ||
| 700 | |a Seco, Manuel, pr. |9 25992 | ||
| 901 | |a Arxiu | ||
| 942 | |n 1 | ||
| 952 | |0 0 |1 0 |4 0 |6 L260 |7 1 |9 43850 |a Arxiu |b Arxiu |d 2016-12-01 |l 0 |o L-2-60 |p 17025 |r 2016-12-01 00:00:00 |w 2016-12-01 |y ARXIU | ||
| 999 | |c 46429 |d 46429 | ||